=LDR 00000nam 2200000 4500 =001 INLIS000000000026262 =005 20130612124720 =008 ***********************************Ind** =035 ##$$a0010-061300000026262 =041 ##$$a Ind =082 ##$$a F Rom D =090 ##$$a F Rom D, Mir l =100 ##$$a Mira W =245 ##$$a Limbah dosa, Mira W =260 ##$$a 2000 $b Jakarta =300 ##$$a 425 hlm, 21 cm =650 ##$$a Fiksi Dewasa =850 ##$$a NBPNMAT =990 ##$$a 93256/BPAP-NTB/2014 =990 ##$$a 21400613/BPAP-NTB/20142014